| 000 | 00536nam a2200193 a 4500 | ||
|---|---|---|---|
| 005 | 20140310183302.0 | ||
| 008 | 050704s19uu xx 00 eng d | ||
| 020 | _a1583762078 | ||
| 050 |
_aHF 5381 _b.T65 2001 |
||
| 100 | _aTracy, Brian | ||
| 245 |
_aGet paid more and promoted faster / _cBrian Tracy |
||
| 260 |
_aSan Francisco : _bBerrett-Koehler Publishers, Inc, _c2001. |
||
| 300 |
_a110 p. : _c23 cm. |
||
| 521 | _aBSBA | ||
| 650 | _aCareer development. | ||
| 650 | _aPromotions. | ||
| 942 |
_cBK _2lcc _kFOR |
||
| 999 |
_c21020 _d21020 |
||